000 01510nam a2200205Ii 4500
008 221202s xx 000 0 und d
245 0 _aAdvances in Microfluidic Technologies for Energy and Environmental Applications
264 1 _a[Place of publication not identified] :
_b[Publisher not identified],
_c2020
300 _a1 online resource
336 _atext
_btxt
_2rdacontent
337 _acomputer
_bc
_2rdamedia
338 _aonline resource
_bcr
_2rdacarrier
520 _aMicrofluidics have aroused a new surge of interest in recent years in environmental and energy areas, and inspired novel applications to tackle the worldwide challenges for sustainable development. This book aims to present readers with a valuable compendium of significant advances in applying the multidisciplinary microfluidic technologies to address energy and environmental problems in a plethora of areas such as environmental monitoring and detection, new nanofluid application in traditional mechanical manufacturing processes, development of novel biosensors, and thermal management. This book will provide a new perspective to the understanding of the ever-growing importance of microfluidics.
653 _aAlternative & Renewable
653 _aPower Resources
653 _aTechnology & Engineering
700 1 _aRen, Yong
856 _uhttps://docs.google.com/spreadsheets/d/1yKIrdCPDAG_9c22mwoOIO2DOhtj65Wqa/edit?usp=sharing&ouid=106555315294820607512&rtpof=true&sd=true
_yList of Curated E-Books
942 _cE-BOOK
999 _c91486
_d91483